书目信息 |
| 题名: |
电子管的使命
|
|
| 作者: | 柯学 著 | |
| 分册: | ||
| 出版信息: | 北京 科学普及出版社 1983 |
|
| 页数: | 162页 | |
| 开本: | 19cm | |
| 丛书名: | 电子应用技术丛书 | |
| 单 册: | ||
| 中图分类: | TN11 | |
| 科图分类: | ||
| 主题词: | 电子管 | |
| 电子资源: | ||
| ISBN: | ||
| 000 | 00679nam2 2200265 45 | |
| 001 | 0183000396 | |
| 005 | 20040706171140.7 | |
| 010 | @dCNY0.52 | |
| 091 | @a15051.1089 | |
| 100 | @a19950614d1983 em y0chiy0121 ea | |
| 101 | 0 | @achi |
| 102 | @aCN@b110000 | |
| 105 | @ay z 000yy | |
| 106 | @ar | |
| 200 | 10 | @a电子管的使命@Adian zi guan de shi ming@f柯学著 |
| 210 | @a北京@c科学普及出版社@d1983 | |
| 215 | @a162页@d19cm | |
| 225 | 2 | @a电子应用技术丛书@v4 |
| 410 | 0 | @120010@a电子应用技术丛书 |
| 606 | @a电子管 | |
| 690 | @aTN11@v3 | |
| 701 | 0 | @a柯学@Ake xue@4著 |
| 801 | 0 | @aCN@b上海图书馆@c20040520 |
| 801 | 2 | @aCN@bNLC@c20040520 |
| 905 | @dTN11@e22@f1@b97761 | |
| 电子管的使命/柯学著.-北京:科学普及出版社,1983 |
| 162页;19cm.-(电子应用技术丛书;4) |
| ISBN :CNY0.52 |
| ● |
| 相关链接 |
|
|
|
|
正题名:电子管的使命
索取号:TN11/22
 
预约/预借
| 序号 | 登录号 | 条形码 | 馆藏地/架位号 | 状态 | 备注 |
| 1 | 0097760 | 001349954 | 密集书库/ [索取号:TN11/22] | 在馆 | |
| 2 | 0097761 | 001952505 | 第三借阅区/ [索取号:TN11/22] | 在馆 | |
| 3 | 0097762 | 001349552 | 第二样本阅览室/ [索取号:TN11/22] | 在馆 |